000 00985nam a2200301Ia 4500
001 B6633
003 IT-RoPAU
008 130308s9999 xx 000 0 und d
040 _aIT-RoPAU
040 _cIT-RoPAU
041 _aITALIANO
100 _aGiordanella Perilli G.
100 _gCodice Aut. SPICS: 39407
245 _aMusicoterapia nella patologia dell'espressione (La)
245 _bRivista di musicoterapia , N.6-Dicembre 1988
250 _a1a ed.
260 _aTORINO
260 _bMinerva Medica
260 _c1988 [1° Ed.:1988 - Ed.Ling.Originale:1988]
300 _a"9 p. (prefazione: no ; testo: 9 [pagine: 85-93])"
500 _aComunicazione Come Necessità. cambiamenti nella Società e Loro Conseguenze. mezzi Culturali e Artistici per Comunicare. Processo e pensiero Creativo per una Comunicazione Integrale.
650 _aSAGGI MUSICALI
650 _eCodice materia Spics: 7011
942 _cBK
957 _71
999 _c38206
_d38206
999 _bSI
999 _g1